000 00420nam a22001697a 4500
005 20160627094230.0
008 160627b xxu||||| |||| 00| 0 eng d
020 _a81-7512-0207
041 _aeng
082 _b10340
100 _aMagris, Mazzia and Mc Creery, Cathy
_92844
245 _aA introduction to food & beverage
260 _bGlobal books
_c2001
300 _a282
650 _aManagement
_9241
942 _cBK
999 _c4113
_d4112